|
|
|
|
| LEADER |
00000nam a22000007i 4500 |
| 001 |
IT\ICCU\UBO\3906740 |
| 003 |
ItRI |
| 005 |
20260204171859.0 |
| 008 |
111221s2011 it |||||| ||||| |||||c |
| 020 |
|
|
|a 9788890626227
|
| 040 |
|
|
|b ita
|c ct
|
| 041 |
|
7 |
|a ita
|2 ISO-639-2
|
| 100 |
1 |
|
|a Tagame, Gengoroh,
|d (1964-)
|0 IT\ICCU\UBOV\377318
|
| 240 |
1 |
0 |
|a Virtus.
|
| 245 |
1 |
0 |
|a Virtus /
|c Gengoroh Tagame.
|
| 260 |
|
|
|a Bologna :
|b Renbooks,
|c 2011
|
| 300 |
|
|
|a 1 volume (senza paginazione) :
|b in gran parte ill. ;
|c 21 cm
|
| 942 |
|
|
|2 ddc
|c BK
|
| 952 |
|
|
|0 0
|1 0
|2 ddc
|4 0
|6 B_FOR01TAGGEVIR11
|7 0
|9 7708
|a MI
|b MI
|d 2012-06-01
|i 6437
|l 0
|o B-FOR01-TAGGE-VIR11
|p CDOM6437
|r 2025-07-13 16:28:45
|w 2025-07-13
|x DONO
|y BK
|
| 952 |
|
|
|0 0
|1 0
|4 0
|6 F_741_595000000000000_TAG
|7 0
|9 21399
|a BO
|b BO
|d 2026-01-15
|i 16064
|l 0
|o F 741.595 TAG
|p BO16064
|r 2026-01-15 23:21:55
|w 2026-01-15
|x [Sebina 5] [1 v.]
|y BK
|z 1 v.
|
| 952 |
|
|
|0 0
|1 0
|4 0
|6 F_741_595000000000000_TAG
|7 0
|9 21400
|a BO
|b BO
|d 2026-01-15
|i 16334
|l 0
|o F 741.595 TAG
|p BO16334
|r 2026-01-15 23:21:55
|w 2026-01-15
|x [Sebina 5] [1 v.]
|y BK
|z 1 v. (2. copia)
|
| 999 |
|
|
|c 6383
|d 6383
|